[Event "Titled Tuesday intern op 23rd Jan Late"]
[Site "Chess.com INT"]
[Date "2024.01.23"]
[Round "6"]
[White "Gritsenko, Nikolai"]
[Black "Sanchez Alvares, Kelvin Antonio"]
[Result "0-1"]
[WhiteElo "2309"]
[BlackElo "2246"]
[PlyCount "94"]
[EventDate "2024.01.23"]
[EventType "swiss (blitz)"]
[EventRounds "11"]
[EventCountry "USA"]
[SourceTitle "CB05_2024"]
[SourceDate "2024.01.31"]
[SourceVersion "1"]
[SourceVersionDate "2024.01.31"]
[SourceQuality "1"]

1. e4 e5 2. Nf3 Nc6 3. Bb5 a6 4. Bxc6 dxc6 5. d4 exd4 6. Qxd4 Qxd4 7. Nxd4 Bd7 8. Nc3 0-0-0 9. Be3 Ne7 10. 0-0-0 Ng6 11. h4 h5 12. Bg5 f6 13. Be3 Bd6 14. Nde2 Rhe8 15. f3 b5 16. a3 a5 17. Nd4 Ne5 18. Nce2 Nc4 19. Bf4 Bc5 20. Rd3 Rg8 21. Ng3 g5 22. hxg5 fxg5 23. Bd2 Nxd2 24. Kxd2 Bxd4 25. Rxd4 h4 26. Ne2 Be6 27. Ke3 Bc4 28. Rxd8+ Rxd8 29. Nd4 c5 30. Nf5 Be6 31. Ng7 Bd7 32. Nh5 Rf8 33. g3 Be8 34. Ng7 hxg3 35. Rg1 g4 36. fxg4 Bc6 37. Nf5 Re8 38. Nxg3 c4 39. Kf4 Rf8+ 40. Nf5 Rd8 41. g5 Be8 42. g6 Rd2 43. g7 Bf7 44. Nh6 Be6 45. Ke5 Kd7 46. Rg6 Rd6 47. Nf5 Rc6 0-1

[Event "Titled Tuesday intern op 23rd Jan Late"]
[Site "Chess.com INT"]
[Date "2024.01.23"]
[Round "9"]
[White "Sanchez Alvares, Kelvin Antonio"]
[Black "Durarbayli, Vasif"]
[Result "0-1"]
[WhiteElo "2246"]
[BlackElo "2627"]
[PlyCount "58"]
[EventDate "2024.01.23"]
[EventType "swiss (blitz)"]
[EventRounds "11"]
[EventCountry "USA"]
[SourceTitle "CB05_2024"]
[SourceDate "2024.01.31"]
[SourceVersion "1"]
[SourceVersionDate "2024.01.31"]
[SourceQuality "1"]

1. d4 Nf6 2. c4 e6 3. Nf3 b6 4. g3 Ba6 5. Qc2 c5 6. d5 exd5 7. cxd5 Nxd5 8. Qe4+ Ne7 9. Qxa8 Nec6 10. Ne5 Nxe5 11. Qe4 Nbc6 12. f4 Bb7 13. Rg1 d5 14. Qe3 c4 15. fxe5 Bc5 16. Qf3 Bxg1 17. e3 Nxe5 18. Qg2 Qf6 19. Be2 0-0 20. Qxg1 d4 21. exd4 Nd3+ 22. Bxd3 cxd3 23. Be3 Qf3 24. Qf2 Qh1+ 25. Qg1 Qf3 26. Qf2 Qh1+ 27. Kd2 Rc8 28. Kxd3 Qe4+ 29. Ke2 Ba6+ 0-1

[Event "Titled Tuesday intern op 16th Jan Late"]
[Site "Chess.com INT"]
[Date "2024.01.16"]
[Round "2"]
[White "Kamsky, Gata"]
[Black "Sanchez Alvares, Kelvin Antonio"]
[Result "1-0"]
[WhiteElo "2623"]
[BlackElo "2246"]
[PlyCount "81"]
[EventDate "2024.01.16"]
[EventType "swiss (blitz)"]
[EventRounds "11"]
[EventCountry "USA"]
[SourceTitle "CB04_2024"]
[SourceDate "2023.10.16"]
[SourceVersion "1"]
[SourceVersionDate "2023.10.16"]
[SourceQuality "1"]

1. e4 c5 2. Nf3 d6 3. d4 cxd4 4. Nxd4 Nf6 5. Nc3 g6 6. Be2 Bg7 7. 0-0 0-0 8. Be3 a6 9. a4 Nbd7 10. Qd2 Ne5 11. f3 Bd7 12. a5 Rc8 13. Rfd1 Nh5 14. Nd5 Bc6 15. Nb6 Rc7 16. c4 Nd7 17. Nd5 Bxd5 18. exd5 Nc5 19. Ra3 Nf6 20. b4 Ncd7 21. Rc3 Re8 22. Rc2 Qc8 23. Nb3 e5 24. dxe6 Rxe6 25. Bf1 d5 26. Nd4 Re8 27. c5 Ne5 28. Bf4 Nh5 29. Bh6 Bh8 30. Qc1 Nc6 31. Nxc6 bxc6 32. Re2 Rce7 33. Rxe7 Rxe7 34. Re1 Bd4+ 35. Kh1 Rxe1 36. Qxe1 Bg7 37. Bd2 Nf6 38. Qe2 Qe6 39. Qxe6 fxe6 40. Bxa6 Ne8 41. Bb7 1-0

[Event "Titled Tuesday intern op 16th Jan Late"]
[Site "Chess.com INT"]
[Date "2024.01.16"]
[Round "4"]
[White "Velikanov, Alexander"]
[Black "Sanchez Alvares, Kelvin Antonio"]
[Result "1-0"]
[WhiteElo "2387"]
[BlackElo "2246"]
[PlyCount "55"]
[EventDate "2024.01.16"]
[EventType "swiss (blitz)"]
[EventRounds "11"]
[EventCountry "USA"]
[SourceTitle "CB04_2024"]
[SourceDate "2023.10.16"]
[SourceVersion "1"]
[SourceVersionDate "2023.10.16"]
[SourceQuality "1"]

1. d4 Nf6 2. e3 d5 3. Bd3 c5 4. c3 Nc6 5. dxc5 e5 6. b4 a5 7. b5 Nb8 8. Ba3 Nfd7 9. c4 Nxc5 10. Be2 Be6 11. Nf3 f6 12. 0-0 dxc4 13. Qc2 Nd3 14. Bxf8 Rxf8 15. Nfd2 Nb4 16. Qxh7 c3 17. Nxc3 Qxd2 18. Bh5+ Bf7 19. Ne4 Qd7 20. Rfd1 Nd5 21. Rac1 Bxh5 22. Qxh5+ Ke7 23. Nc3 Rc8 24. Nxd5+ Ke6 25. Qg4+ Kf7 26. Qh5+ Ke6 27. Rxc8 Qxc8 28. Qg4+ 1-0

[Event "Titled Tuesday intern op 09th Jan Early"]
[Site "Chess.com INT"]
[Date "2024.01.09"]
[Round "9"]
[White "Samarth, J Rao"]
[Black "Sanchez Alvares, Kelvin Antonio"]
[Result "0-1"]
[WhiteElo "1616"]
[BlackElo "2246"]
[PlyCount "84"]
[EventDate "2024.01.09"]
[EventType "swiss (blitz)"]
[EventRounds "11"]
[EventCountry "USA"]
[SourceTitle "CB03_2024"]
[SourceDate "2024.01.17"]
[SourceVersion "1"]
[SourceVersionDate "2024.01.17"]
[SourceQuality "1"]

1. e4 c5 2. Nc3 e6 3. g3 a6 4. Bg2 b5 5. Nge2 Bb7 6. 0-0 Qc7 7. d3 d6 8. h3 Nd7 9. Kh2 Be7 10. f4 h5 11. Be3 Ngf6 12. Qd2 d5 13. e5 d4 14. exf6 Nxf6 15. Nxd4 cxd4 16. Bxd4 Rc8 17. Bxb7 Qxb7 18. Rac1 Ng4+ 19. Kg1 Bf6 20. Bxf6 Nxf6 21. Qg2 Qb6+ 22. Qf2 Qc6 23. Ne2 Qd5 24. a3 0-0 25. Qd4 Qf5 26. Kh2 Rfd8 27. Qf2 Qd5 28. Qg2 Qd6 29. Ng1 Nd5 30. Rfe1 h4 31. Nf3 hxg3+ 32. Qxg3 Qxf4 33. Qxf4 Nxf4 34. Ne5 f6 35. Ng4 e5 36. Ne3 Kf7 37. Rg1 Ne2 38. Nf5 Nxg1 39. Rxg1 Rxc2+ 40. Kh1 Rxd3 41. Rxg7+ Ke6 42. Ne7 Rd1+ 0-1

[Event "Titled Tuesday intern op 09th Jan Early"]
[Site "Chess.com INT"]
[Date "2024.01.09"]
[Round "10"]
[White "Sanchez Alvares, Kelvin Antonio"]
[Black "Murthy, Pappu LN"]
[Result "1-0"]
[WhiteElo "2246"]
[BlackElo "1821"]
[PlyCount "93"]
[EventDate "2024.01.09"]
[EventType "swiss (blitz)"]
[EventRounds "11"]
[EventCountry "USA"]
[SourceTitle "CB03_2024"]
[SourceDate "2024.01.17"]
[SourceVersion "1"]
[SourceVersionDate "2024.01.17"]
[SourceQuality "1"]

1. e4 e6 2. d4 d5 3. e5 c5 4. c3 Nc6 5. Nf3 Qb6 6. a3 c4 7. Nbd2 Na5 8. Be2 Bd7 9. 0-0 0-0-0 10. Ng5 Be8 11. f4 h6 12. Nh3 Ne7 13. Rb1 Kb8 14. Nf2 Qc7 15. g4 h5 16. h3 hxg4 17. hxg4 g6 18. Kg2 Nc8 19. Nf3 Nb6 20. Be3 Ba4 21. Qe1 Be7 22. Bd1 Bxd1 23. Qxd1 Nb3 24. Nh3 Qc6 25. Rh1 Qa4 26. Qe2 Ka8 27. Nhg5 Qe8 28. Rxh8 Qxh8 29. Nxf7 Qg7 30. Nxd8 Bxd8 31. Rh1 Kb8 32. Kg3 a6 33. Qh2 Ka7 34. Qh8 Qd7 35. Rh7 Qc8 36. Qe8 Na5 37. Rh8 Nc6 38. Qxg6 Qc7 39. Rh7 Qc8 40. f5 exf5 41. Qxf5 Qxf5 42. gxf5 Kb8 43. f6 Kc8 44. Ng5 Nd7 45. Rh8 Kc7 46. Ne6+ Kc8 47. f7 1-0

[Event "Titled Tuesday intern op 19th Dec Early"]
[Site "Chess.com INT"]
[Date "2023.12.19"]
[Round "10"]
[White "Fernandez Sanchez, Mario Andres"]
[Black "Sanchez Alvares, Kelvin Antonio"]
[Result "1-0"]
[WhiteElo "2032"]
[BlackElo "2246"]
[PlyCount "52"]
[EventDate "2023.12.19"]
[EventType "swiss (blitz)"]
[EventRounds "11"]
[EventCountry "USA"]
[SourceTitle "CB52_2023"]
[SourceDate "2023.12.27"]
[SourceVersion "1"]
[SourceVersionDate "2023.12.27"]
[SourceQuality "1"]

1. d4 d5 2. Bf4 Nf6 3. Nc3 a6 4. e3 c5 5. dxc5 Nc6 6. Nf3 Bg4 7. Be2 e6 8. Na4 Qa5+ 9. c3 Bxc5 10. b4 Nxb4 11. cxb4 Bxb4+ 12. Kf1 0-0 13. h3 Bf5 14. g4 Be4 15. Be5 Nd7 16. Bb2 b5 17. a3 bxa4 18. axb4 Qb6 19. Qxa4 Nc5 20. Qa3 Nb7 21. Bd4 Qc6 22. Rc1 Qd6 23. Kg2 Rfc8 24. Rxc8+ Rxc8 25. Rc1 Rxc1 26. Qxc1 Qd8 1-0

[Event "Titled Tuesday intern op 19th Dec Early"]
[Site "Chess.com INT"]
[Date "2023.12.19"]
[Round "9"]
[White "Sanchez Alvares, Kelvin Antonio"]
[Black "Kraus, Tomas"]
[Result "0-1"]
[WhiteElo "2246"]
[BlackElo "2486"]
[PlyCount "170"]
[EventDate "2023.12.19"]
[EventType "swiss (blitz)"]
[EventRounds "11"]
[EventCountry "USA"]
[SourceTitle "CB52_2023"]
[SourceDate "2023.12.27"]
[SourceVersion "1"]
[SourceVersionDate "2023.12.27"]
[SourceQuality "1"]

1. e4 c5 2. Nf3 e6 3. d4 cxd4 4. Nxd4 a6 5. c4 Qc7 6. Nc3 Nf6 7. Be3 d6 8. Be2 Be7 9. 0-0 b6 10. f3 0-0 11. Qd2 Bb7 12. Rfc1 Nbd7 13. a4 Rab8 14. b4 Ne5 15. a5 bxa5 16. b5 Nxc4 17. Bxc4 Qxc4 18. Nd5 exd5 19. Rxc4 dxc4 20. bxa6 Bxa6 21. Nc6 Rbe8 22. Rxa5 Bb7 23. Nxe7+ Rxe7 24. Qxd6 Rd7 25. Qc5 Rc8 26. Qb4 c3 27. Ra1 c2 28. Rc1 Rd1+ 29. Kf2 Rxc1 30. Bxc1 Ba6 31. Qd4 h6 32. Qd6 Bb5 33. g4 Rc6 34. Qd8+ Kh7 35. Qa5 Bd3 36. Qd2 Bxe4 37. h4 h5 38. g5 Bxf3 39. Kxf3 Ng4 40. Qd3+ g6 41. Ke2 Re6+ 42. Kf1 Ne5 43. Qe3 Ng4 44. Qf3 Ne5 45. Qf4 Ng4 46. Qc4 Ne5 47. Qc3 Ng4 48. Qd2 Ne3+ 49. Kf2 Ng4+ 50. Kg2 Rd6 51. Qxc2 Re6 52. Qe2 Rxe2+ 53. Kf3 Rc2 54. Bf4 Rc4 55. Kg3 Rc3+ 56. Kg2 Rc4 57. Bg3 Rc3 58. Bf2 Rb3 59. Kg1 Ne3 60. Bg3 Ng4 61. Bf4 Rb2 62. Bd6 Rc2 63. Bg3 Ne3 64. Bb8 Rg2+ 65. Kh1 Rg4 66. Ba7 Rxh4+ 67. Kg1 Ng4 68. Kg2 Rh2+ 69. Kg3 Ra2 70. Bc5 Ra4 71. Be7 Ne5 72. Bd8 Nc6 73. Bc7 Ne7 74. Be5 Nd5 75. Bf6 Ne3 76. Kf2 Nf5 77. Kf3 h4 78. Be5 Ra3+ 79. Kg2 Rb3 80. Kh2 Rd3 81. Bf4 Kg8 82. Be5 Kf8 83. Bf4 Ke8 84. Be5 Kd7 85. Bf6 Ke6 0-1

[Event "Titled Tuesday intern op 24th Oct Late"]
[Site "Chess.com INT"]
[Date "2023.10.24"]
[Round "1"]
[White "Levine, David M"]
[Black "Sanchez Alvares, Kelvin Antonio"]
[Result "0-1"]
[WhiteElo "2040"]
[BlackElo "2236"]
[PlyCount "68"]
[EventDate "2023.10.24"]
[EventType "swiss (blitz)"]
[EventRounds "11"]
[EventCountry "USA"]
[SourceTitle "Mega2024 Update 01"]
[Source "Chessbase"]
[SourceDate "2023.11.12"]
[SourceVersion "1"]
[SourceVersionDate "2023.11.12"]
[SourceQuality "1"]

1. d4 d5 2. c4 c6 3. Nf3 Nf6 4. Nc3 e6 5. Bg5 dxc4 6. e4 b5 7. e5 h6 8. Bh4 g5 9. Nxg5 hxg5 10. Bxg5 Nbd7 11. exf6 Bb7 12. h4 Qb6 13. Qg4 0-0-0 14. 0-0-0 c5 15. d5 b4 16. dxe6 fxe6 17. Ne4 Bd5 18. f7 Bh6 19. Bxc4 Bxg5+ 20. hxg5 Rxh1 21. Rxh1 Bxc4 22. Nd6+ Qxd6 23. Qxc4 Ne5 24. Qc2 Nxf7 25. g6 Ne5 26. g7 Nd7 27. Rh8 Nf6 28. Rxd8+ Qxd8 29. Qg6 Kd7 30. Qxf6 Qxf6 31. g8Q Qxf2 32. g4 c4 33. Qg7+ Kd6 34. Qf8+ Qxf8 0-1

[Event "Titled Tuesday intern op 24th Oct Late"]
[Site "Chess.com INT"]
[Date "2023.10.24"]
[Round "11"]
[White "Sanchez Alvares, Kelvin Antonio"]
[Black "Blanco Ronquillo, Humberto L"]
[Result "0-1"]
[WhiteElo "2236"]
[BlackElo "2442"]
[PlyCount "82"]
[EventDate "2023.10.24"]
[EventType "swiss (blitz)"]
[EventRounds "11"]
[EventCountry "USA"]
[SourceTitle "Mega2024 Update 01"]
[Source "Chessbase"]
[SourceDate "2023.11.12"]
[SourceVersion "1"]
[SourceVersionDate "2023.11.12"]
[SourceQuality "1"]

1. e4 c5 2. Nf3 Nc6 3. d4 cxd4 4. Nxd4 g6 5. Nc3 Bg7 6. Be3 Nf6 7. Bc4 Qa5 8. Nb3 Qb4 9. Bd3 Nxe4 10. Bxe4 Bxc3+ 11. bxc3 Qxe4 12. 0-0 0-0 13. Re1 Qc4 14. Qd2 d6 15. Bh6 Re8 16. Qxd6 Qxc3 17. Rad1 Bf5 18. Qc7 b6 19. Re3 Qc4 20. c3 Rac8 21. Qg3 Qg4 22. Qxg4 Bxg4 23. Rd2 Be6 24. f3 Bxb3 25. axb3 Rc7 26. Bf4 e5 27. Bg3 f6 28. Red3 Kf7 29. h4 h6 30. Rd6 Re6 31. Rd7+ Re7 32. R7d6 g5 33. hxg5 hxg5 34. Bf2 Na5 35. Rb2 Rxc3 36. Be1 Rxb3 37. Ra2 Rb1 38. Kf2 Nc4 39. Rd3 b5 40. Rd8 a5 41. Bxa5 Ra7 0-1

[Event "Titled Tuesday intern op 24th Oct Late"]
[Site "Chess.com INT"]
[Date "2023.10.24"]
[Round "10"]
[White "Sanchez Alvares, Kelvin Antonio"]
[Black "Spichkin, Alexander"]
[Result "1-0"]
[WhiteElo "2236"]
[BlackElo "2035"]
[PlyCount "61"]
[EventDate "2023.10.24"]
[EventType "swiss (blitz)"]
[EventRounds "11"]
[EventCountry "USA"]
[SourceTitle "Mega2024 Update 01"]
[Source "Chessbase"]
[SourceDate "2023.11.12"]
[SourceVersion "1"]
[SourceVersionDate "2023.11.12"]
[SourceQuality "1"]

1. e4 e5 2. Nf3 d5 3. Nxe5 Bd6 4. d4 dxe4 5. Nc4 Nf6 6. Ne3 Nc6 7. c3 Bd7 8. Nd2 Qe7 9. Qc2 0-0-0 10. Ndc4 Bf4 11. Nf5 Bxf5 12. Bxf4 Nd5 13. Bg3 e3 14. Qxf5+ Kb8 15. fxe3 b5 16. Ne5 Nxe5 17. Qxe5 Qd7 18. Bf2 Rhe8 19. Qg3 f5 20. 0-0-0 Qf7 21. Bxb5 f4 22. exf4 Nxf4 23. Bxe8 Ne2+ 24. Kb1 Nxg3 25. Bxf7 Nxh1 26. Be3 Rf8 27. Bd5 Nf2 28. Rf1 Rd8 29. Bf3 Nd3 30. Rd1 Nxb2 31. Kxb2 1-0

[Event "Titled Tuesday intern op 26th Sep Late"]
[Site "Chess.com INT"]
[Date "2023.09.26"]
[Round "8"]
[White "Botez, Alexandra"]
[Black "Sanchez Alvares, Kelvin Antonio"]
[Result "1-0"]
[WhiteElo "1977"]
[BlackElo "2236"]
[PlyCount "105"]
[EventDate "2023.09.26"]
[EventType "swiss (blitz)"]
[EventRounds "11"]
[EventCountry "USA"]
[SourceTitle "EXT 2024"]
[Source "ChessBase"]
[SourceDate "2023.10.10"]
[SourceVersion "1"]
[SourceVersionDate "2023.10.10"]
[SourceQuality "1"]

1. d4 d5 2. c4 c6 3. Nc3 Nf6 4. Nf3 e6 5. cxd5 exd5 6. Bg5 Be7 7. e3 Bf5 8. Bd3 Bxd3 9. Qxd3 Nbd7 10. 0-0 0-0 11. Na4 b5 12. Nc3 Re8 13. Rac1 Bf8 14. Bxf6 Qxf6 15. a3 Qg6 16. Qxg6 hxg6 17. Nd1 Re6 18. Re1 f6 19. Re2 a5 20. Rec2 Ra6 21. Ne1 b4 22. a4 c5 23. dxc5 Rec6 24. Nd3 Ra8 25. b3 Rac8 26. N1b2 Nxc5 27. Nxc5 Rxc5 28. Rxc5 Rxc5 29. Rxc5 Bxc5 30. Nd3 Bd6 31. Kf1 Kf7 32. Ke2 g5 33. g3 g4 34. Ne1 Be5 35. Kd3 Ke6 36. f4 gxf3 37. Nxf3 Bc3 38. g4 g6 39. Nd4+ Kd6 40. Nb5+ Ke5 41. Nxc3 bxc3 42. Kxc3 Ke4 43. Kd2 d4 44. exd4 Kxd4 45. h4 Ke4 46. b4 axb4 47. a5 Kd5 48. h5 gxh5 49. gxh5 b3 50. h6 b2 51. Kc2 b1Q+ 52. Kxb1 Kc6 53. h7 1-0

[Event "Titled Tuesday intern op 18th Jul Early"]
[Site "Chess.com INT"]
[Date "2023.07.18"]
[Round "11"]
[White "Bressy, Theo"]
[Black "Sanchez Alvares, Kelvin Antonio"]
[Result "1-0"]
[WhiteElo "2224"]
[BlackElo "2236"]
[PlyCount "55"]
[EventDate "2023.07.18"]
[EventType "swiss (blitz)"]
[EventRounds "11"]
[EventCountry "USA"]
[SourceTitle "EXT 2024"]
[Source "ChessBase"]
[SourceDate "2023.10.10"]
[SourceVersion "1"]
[SourceVersionDate "2023.10.10"]
[SourceQuality "1"]

1. e4 e5 2. Nf3 Nc6 3. d4 exd4 4. Bc4 Nf6 5. 0-0 Nxe4 6. Re1 d5 7. Bxd5 Qxd5 8. Nc3 Qd8 9. Rxe4+ Be7 10. Nxd4 0-0 11. Nxc6 bxc6 12. Be3 Bf5 13. Rd4 Qc8 14. Qe2 Bf6 15. Rc4 Rb8 16. b3 Qa6 17. Qf3 Be6 18. Rc5 Rb4 19. Re1 Qc8 20. Qxc6 Be7 21. Ra5 Bd6 22. Ne4 Be5 23. Ng3 Bf6 24. Bc5 Bd7 25. Qa6 Qxa6 26. Rxa6 Re8 27. Rxe8+ Bxe8 28. Bxb4 1-0

[Event "Titled Tuesday intern op 18th Jul Early"]
[Site "Chess.com INT"]
[Date "2023.07.18"]
[Round "3"]
[White "Sanchez Alvares, Kelvin Antonio"]
[Black "Vivas Zamora, Fabian Ernesto"]
[Result "1-0"]
[WhiteElo "2236"]
[BlackElo "2346"]
[PlyCount "107"]
[EventDate "2023.07.18"]
[EventType "swiss (blitz)"]
[EventRounds "11"]
[EventCountry "USA"]
[SourceTitle "EXT 2024"]
[Source "ChessBase"]
[SourceDate "2023.10.10"]
[SourceVersion "1"]
[SourceVersionDate "2023.10.10"]
[SourceQuality "1"]

1. e4 e6 2. d4 d5 3. Nc3 Nf6 4. Bg5 Bb4 5. Nge2 h6 6. Bxf6 Qxf6 7. a3 Bxc3+ 8. Nxc3 c6 9. Bd3 0-0 10. e5 Qh4 11. 0-0 c5 12. dxc5 Nd7 13. g3 Qh3 14. Re1 Nxc5 15. Bf1 Qf5 16. Qd4 b6 17. b4 Nd7 18. Bd3 Qh5 19. Nb5 Ba6 20. Be2 Qg6 21. Bd3 Qh5 22. c4 dxc4 23. Bxc4 Rfd8 24. Qe4 Bxb5 25. Bxb5 Nf8 26. Be2 Qg6 27. Bf3 Qxe4 28. Bxe4 Rac8 29. Rac1 g6 30. Red1 Rxd1+ 31. Rxd1 Rc3 32. Rd3 Rxd3 33. Bxd3 Nd7 34. f4 Kf8 35. Kf2 Ke7 36. Ke3 Kd8 37. Kd4 Kc7 38. Bb5 Nb8 39. Be8 Nc6+ 40. Ke4 Nd8 41. Kd4 g5 42. Ke4 a5 43. fxg5 hxg5 44. Kf3 axb4 45. axb4 Nc6 46. Bxc6 Kxc6 47. h4 gxh4 48. gxh4 Kd5 49. Kf4 Kc4 50. h5 Kxb4 51. h6 b5 52. h7 Kc3 53. h8Q b4 54. Qh3+ 1-0

[Event "Titled Tuesday intern op 18th Jul Early"]
[Site "Chess.com INT"]
[Date "2023.07.18"]
[Round "1"]
[White "Sanchez Alvares, Kelvin Antonio"]
[Black "Zaksaite, Salomeja"]
[Result "1-0"]
[WhiteElo "2236"]
[BlackElo "2261"]
[PlyCount "55"]
[EventDate "2023.07.18"]
[EventType "swiss (blitz)"]
[EventRounds "11"]
[EventCountry "USA"]
[SourceTitle "EXT 2024"]
[Source "ChessBase"]
[SourceDate "2023.10.10"]
[SourceVersion "1"]
[SourceVersionDate "2023.10.10"]
[SourceQuality "1"]

1. e4 c5 2. Ne2 Nc6 3. d4 cxd4 4. Nxd4 Nf6 5. Nc3 e5 6. Ndb5 d6 7. Bg5 a6 8. Na3 b5 9. Nd5 Be7 10. Bxf6 Bxf6 11. c4 b4 12. Nc2 a5 13. g3 0-0 14. Bg2 Be6 15. 0-0 Rb8 16. Nxf6+ Qxf6 17. Qxd6 Bxc4 18. Qxf6 gxf6 19. Rfc1 Rbc8 20. Ne3 Be6 21. Rc5 a4 22. Rac1 Nd4 23. Rxc8 Rxc8 24. Rxc8+ Bxc8 25. Nd5 a3 26. bxa3 Be6 27. axb4 Nb5 28. a4 1-0

[Event "Titled Tuesday intern op 18th Apr Late"]
[Site "Chess.com INT"]
[Date "2023.04.18"]
[Round "3"]
[White "Osmonbekov, Talaibek D"]
[Black "Sanchez Alvares, Kelvin Antonio"]
[Result "1-0"]
[WhiteElo "2137"]
[BlackElo "2243"]
[PlyCount "65"]
[EventDate "2023.04.18"]
[EventType "swiss (blitz)"]
[EventRounds "11"]
[EventCountry "USA"]
[SourceTitle "EXT 2024"]
[Source "ChessBase"]
[SourceDate "2023.10.10"]
[SourceVersion "1"]
[SourceVersionDate "2023.10.10"]
[SourceQuality "1"]

1. d4 d5 2. Bf4 Nf6 3. Nc3 a6 4. e3 c5 5. Nf3 Nc6 6. Ne5 Qb6 7. Na4 Qa5+ 8. c3 cxd4 9. exd4 e6 10. a3 Be7 11. b4 Qd8 12. Nxc6 bxc6 13. Bd3 0-0 14. 0-0 a5 15. Nc5 Bxc5 16. bxc5 Ba6 17. Rb1 Bxd3 18. Qxd3 Nd7 19. Rb7 Re8 20. Bd6 e5 21. Qf5 Re6 22. dxe5 g6 23. Qf4 a4 24. Rfb1 Qe8 25. h4 Nxe5 26. Rb8 Nd3 27. Rxe8+ Raxe8 28. Qg3 Ne5 29. h5 Nc4 30. hxg6 Rxg6 31. Qh4 Re4 32. Qd8+ Kg7 33. Bf8+ 1-0

[Event "Titled Tuesday intern op 18th Apr Late"]
[Site "Chess.com INT"]
[Date "2023.04.18"]
[Round "10"]
[White "Sanchez Alvares, Kelvin Antonio"]
[Black "Hoffmann, Asa"]
[Result "1-0"]
[WhiteElo "2243"]
[BlackElo "2185"]
[PlyCount "147"]
[EventDate "2023.04.18"]
[EventType "swiss (blitz)"]
[EventRounds "11"]
[EventCountry "USA"]
[SourceTitle "EXT 2024"]
[Source "ChessBase"]
[SourceDate "2023.10.10"]
[SourceVersion "1"]
[SourceVersionDate "2023.10.10"]
[SourceQuality "1"]

1. e4 d6 2. d4 Nf6 3. Nc3 c6 4. f4 Qa5 5. Bd3 e5 6. dxe5 dxe5 7. fxe5 Ng4 8. Nf3 Nxe5 9. Nxe5 Qxe5 10. Qf3 Bd6 11. Bd2 0-0 12. 0-0-0 Be6 13. Rdf1 Nd7 14. h4 h5 15. Bf4 Qxf4+ 16. Qxf4 Bxf4+ 17. Rxf4 Ne5 18. Be2 g6 19. g3 Rad8 20. Rff1 Kg7 21. Rd1 b5 22. a3 a6 23. Rhf1 Ng4 24. Bxg4 Bxg4 25. Rxd8 Rxd8 26. b4 Rd4 27. Rf2 Be6 28. Rd2 Rxd2 29. Kxd2 Kf6 30. Ke3 Ke5 31. Nd1 f6 32. Nf2 g5 33. Nd3+ Kd6 34. Kd4 Bc8 35. c3 Bd7 36. Nc5 Bc8 37. hxg5 fxg5 38. e5+ Ke7 39. Ne4 h4 40. Nxg5 hxg3 41. Ke3 Bg4 42. Ne4 g2 43. Kf2 Ke6 44. Kxg2 Kxe5 45. Nc5 Bc8 46. Kf2 Kd5 47. Ke3 Kc4 48. Kd2 a5 49. Ne4 axb4 50. axb4 Kb3 51. Nd6 Be6 52. Kd3 Bg8 53. Kd4 Be6 54. Nb7 Bd5 55. Nc5+ Kb2 56. Na6 Kb3 57. Nc7 Bf3 58. Ne8 Bg2 59. Nd6 Bf3 60. Nb7 Bg2 61. Nc5+ Kb2 62. Nd3+ Kb3 63. Ne5 Kb2 64. c4 bxc4 65. Kxc4 Bd5+ 66. Kc5 Kb3 67. Nd7 Bf3 68. Nb8 Bg2 69. Na6 Bf3 70. Nc7 Bg2 71. Ne6 Bf3 72. Nd4+ Ka4 73. Nxf3 Kb3 74. Nd4+ 1-0

[Event "Titled Tuesday intern op 11th Apr Late"]
[Site "Chess.com INT"]
[Date "2023.04.11"]
[Round "7"]
[White "Sanchez Alvares, Kelvin Antonio"]
[Black "Lenoir Ibacache, Gabriel Alberto"]
[Result "0-1"]
[WhiteElo "2243"]
[BlackElo "2225"]
[PlyCount "138"]
[EventDate "2023.04.11"]
[EventType "swiss (blitz)"]
[EventRounds "11"]
[EventCountry "USA"]
[SourceTitle "CBM 213 Extra"]
[Source "ChessBase"]
[SourceDate "2023.05.31"]
[SourceVersion "1"]
[SourceVersionDate "2023.05.31"]
[SourceQuality "1"]

1. e4 c5 2. Nf3 d6 3. d4 cxd4 4. Nxd4 Nf6 5. Nc3 a6 6. Bg5 Nbd7 7. f4 Qc7 8. Qf3 b5 9. a3 Bb7 10. 0-0-0 g6 11. g4 Bg7 12. h4 h5 13. Bxf6 hxg4 14. Qxg4 Nxf6 15. Qf3 Nh5 16. Nd5 Bxd5 17. exd5 Rc8 18. Nc6 Nxf4 19. Kb1 Nxd5 20. Qxd5 Qxc6 21. Qxc6+ Rxc6 22. Bg2 Rc5 23. Bf3 Bf6 24. Rhe1 Kf8 25. h5 gxh5 26. Re4 h4 27. Bg4 Rg5 28. Bh3 d5 29. Re3 e6 30. Rf1 Ke7 31. Ref3 Rh6 32. R3f2 Rg3 33. Rh1 Be5 34. Re2 Bd6 35. Bg2 Kd7 36. Bh3 f5 37. Bg2 Rhg6 38. Bh3 Rg1+ 39. Rxg1 Rxg1+ 40. Ka2 Rg3 41. Bf1 h3 42. a4 h2 43. Rxh2 Rg1 44. Rf2 Bg3 45. Rf3 bxa4 46. Bxa6 Kd6 47. Bb5 f4 48. Bxa4 e5 49. Rb3 e4 50. Rb6+ Ke5 51. Bd7 f3 52. c3 f2 53. Re6+ Kf4 54. Rf6+ Ke3 55. Bb5 Kd2 56. Kb3 e3 57. c4 e2 58. cxd5 e1Q 59. d6 f1Q 60. Bxf1 Rxf1 61. d7 Qe7 62. Rxf1 Qxd7 63. Rf3 Qd5+ 64. Ka4 Qxf3 65. b4 Qc6+ 66. b5 Qb6 67. Kb4 Kd3 68. Ka4 Kc3 69. Ka3 Qa5# 0-1

[Event "La Roda op 49th"]
[Site "La Roda"]
[Date "2023.04.09"]
[Round "8"]
[White "Sanchez Alvares, Kelvin Antonio"]
[Black "Svane, Frederik"]
[Result "0-1"]
[WhiteElo "2243"]
[BlackElo "2600"]
[PlyCount "86"]
[EventDate "2023.04.05"]
[EventType "swiss"]
[EventRounds "9"]
[EventCountry "ESP"]
[SourceTitle "CBM 213 Extra"]
[Source "ChessBase"]
[SourceDate "2023.05.31"]
[SourceVersion "1"]
[SourceVersionDate "2023.05.31"]
[SourceQuality "1"]

1. d4 Nf6 2. c4 e6 3. Nf3 d5 4. Nc3 a6 5. cxd5 exd5 6. g3 Be7 7. Bg2 0-0 8. 0-0 c6 9. Qb3 Nbd7 10. Rd1 Nb6 11. Ne5 Be6 12. Qc2 h6 13. b3 Re8 14. Bb2 Bd6 15. h3 Rc8 16. Nf3 Rc7 17. a4 a5 18. e3 Qc8 19. Kh2 Bf5 20. Qe2 Rce7 21. Ba3 Bxa3 22. Rxa3 Qc7 23. Raa1 Nc8 24. Rdc1 Qb6 25. Qa2 Nd6 26. Nd2 h5 27. Qa3 Qd8 28. Nf3 Nfe4 29. Nxe4 Nxe4 30. Ra2 g5 31. b4 h4 32. gxh4 Qd6+ 33. Kh1 axb4 34. Qb3 gxh4 35. Rg1 Kh8 36. Nxh4 Bc8 37. Bxe4 Rxe4 38. Nf3 Qh6 39. Ng5 R4e7 40. Qxb4 Bf5 41. Rg3 f6 42. Qd6 Rg7 43. f4 Qg6 0-1